Sports Quiz

Random Sports or NBA Quiz

NBA general Knowledge (HARD) Quiz Stats

 Plays Quiz not verified by Sporcle

Challenge
Share
Tweet
Embed
Score 0/15 Timer 10:00
0 Plays Today
Question Answer Wrong Answers
Who is smallest player that is starting for a team in the 2017 playoffs? ???
89.5%
???
4.1%
???
2.5%
???
1.8%
Which player has scored the 2nd most points in a nba game? ???
87.7%
???
5%
???
3%
???
2.1%
Which team holds the longest consecutive NBA Finals appearance streak with ten appearances between 1957 and 1966? ???
80.7%
???
4.6%
???
10.3%
???
2.5%
How many people have averaged a triple-double for a season? ???
80.5%
???
8.6%
???
5.8%
???
3.4%
How many players in NBA history have scored 70 points in a game? ???
79.6%
???
12.2%
???
5.5%
???
1.2%
Out of these 4 players which one of them doesn't wear the number 0? ???
72.5%
???
4.5%
???
5.6%
???
15.3%
Which one of these players never won a rookie of the year award? ???
67.9%
???
12.7%
???
8.1%
???
8.9%
What pick was Draymond Green drafted at? ???
66%
???
7.4%
???
12.7%
???
12.4%
Who has won the most MVPs in NBA history? ???
63.8%
???
5.1%
???
26.9%
???
2.5%
How many points did Anthony Davis score in the 2nd half of the 2017 all star games? ???
54.3%
???
12.3%
???
20.2%
???
11.3%
Who won the NBA championship in 1995? ???
49%
???
7%
???
9.4%
???
32.8%
How old is Derrick Rose? ???
45.9%
???
7.5%
???
17.8%
???
27.2%
How many triple doubles did Oscar Robinson get in his entire career? ???
41.5%
???
21.6%
???
23.8%
???
11.6%
How many games did the Miami Heat win in the 2014 NBA Finals against the Spurs? ???
40.2%
???
6.6%
???
31.4%
???
20.3%
What is the Cavs average age in their starting 5? ???
36.9%
???
8%
???
18.6%
???
34.5%

You're not logged in!

Compare scores with friends on all Sporcle quizzes.
OR
Log In

You Might Also Like...

Show Comments

Extras

Created Apr 17, 2017ReportNominate
Tags:NBA Quiz, hard, much

Top Quizzes Today


Score Distribution

Your Account Isn't Verified!

In order to create a playlist on Sporcle, you need to verify the email address you used during registration. Go to your Sporcle Settings to finish the process.

Report this User

Report this user for behavior that violates our Community Guidelines.

Details: